000 00516nam a2200169 a 4500
001 000036374
005 20200930075709.0
008 120116s1985 es 000 0 spa d
020 _a8476051697
040 _aDO-SdBNP
_bspa
_cBNPHU
245 0 0 _aClinicas quirurgicas de norteamerica /
_ctraducción José Rafael Blengio.
260 _aMadrid :
_bEmalsa
_bInteramericana,
_c1985.
300 _av. :
_bil. ;
_c23 cm.
504 _aBibliografía : p. 151
700 1 2 _aBlengio, José Rafael
_etr.
_949490
049 _aBNPD
999 _c35865
_d35865